00744cam a22002411 4500001001300000003000400013005001700017008004100034010001700075035002000092040002100112042001200133050001800145245006000163260007800223300005300301500002200354651003100376700001700407710003100424752003000455999001700485he 68001214 DLC20260227111457.0840213s1965 is abc 000 0 heb  ahe 68001214  a(OCoLC)19206372 aDLCcMHdCUdDLC apremarc00aDS110.N24bS400aSefer Naḥalat Yehudah /cha-ʻorekh Meʼir Ḥovav... a[Nahalat Yehudah] :bha-Moʻatsah ha-meḳomit Naḥalat Yehudah,c[1965] a193 p. :bill. (part col.) map, ports. ;c24 cm. a"La-yovel ha-50." 0aNaḥalat Yehudah (Israel)1 aHovav, Meir.1 aNaḥalat Yehudah (Israel) aIsraeldNaḥalat Yehudah c33217d33217